[Event "Eforie Nord op 2nd"]
[Site "Eforie Nord"]
[Date "2010.06.21"]
[Round "5"]
[White "Szabo, Gergely Andras"]
[Black "Baciu, Stefan"]
[Result "1-0"]
[WhiteElo "2546"]
[BlackElo "2214"]
[PlyCount "117"]
[EventDate "2010.06.18"]
[EventType "swiss"]
[EventRounds "11"]
[EventCountry "ROU"]
[SourceTitle "CBM 137 Extra"]
[Source "ChessBase"]
[SourceDate "2010.09.01"]
[SourceVersion "1"]
[SourceVersionDate "2010.09.01"]
[SourceQuality "1"]

1. e4 d6 2. d4 Nf6 3. Nc3 g6 4. f4 Bg7 5. Nf3 0-0 6. Bd3 c6 7. 0-0 Bg4 8. Be3 e5 9. h3 exf4 10. Bxf4 Bxf3 11. Qxf3 Ne8 12. Be3 Nd7 13. Ne2 Qe7 14. Rae1 Nc7 15. c3 Rae8 16. Ng3 Ne6 17. Qg4 c5 18. Nf5 gxf5 19. exf5 Nf6 20. Qh4 Nc7 21. Bh6 Qxe1 22. Rxe1 Rxe1+ 23. Kf2 Re4 24. Qg5 Nce8 25. Bxg7 Nxg7 26. Qxf6 Ree8 27. Qxd6 cxd4 28. f6 Re6 29. Bxh7+ Kxh7 30. Qxf8 Rxf6+ 31. Kg1 dxc3 32. bxc3 Nf5 33. Qb8 b6 34. Qxa7 Kg7 35. Qc7 Re6 36. Qf4 Ne7 37. c4 Rc6 38. Qd4+ f6 39. g4 Kf7 40. h4 Rc5 41. Kf2 Ng6 42. Qd7+ Ne7 43. Qd3 Ng6 44. h5 Ne5 45. Qh7+ Kf8 46. h6 Nxg4+ 47. Ke2 Rg5 48. a4 Ne5 49. c5 bxc5 50. a5 Nf7 51. Qg7+ Rxg7 52. hxg7+ Kxg7 53. a6 Ne5 54. a7 Kg6 55. a8Q c4 56. Ke3 Kf5 57. Qc8+ Kg6 58. Ke4 Nf7 59. Qg8+ 1-0